5HLuxD.jpg

KING HENRY VIII SENIOR AND PRIMARY SCHOOL LIBRARY OPAC

Complete French grammar : (Record no. 269)

000 -LEADER
fixed length control field 01260cam a2200385Ii 4500
001 - CONTROL NUMBER
control field 927378389
003 - CONTROL NUMBER IDENTIFIER
control field OCoLC
005 - DATE AND TIME OF LATEST TRANSACTION
control field 20190805090502.0
008 - FIXED-LENGTH DATA ELEMENTS--GENERAL INFORMATION
fixed length control field 151029s2016 nyu 000 0 eng d
020 ## - INTERNATIONAL STANDARD BOOK NUMBER
International Standard Book Number 1259642372
Qualifying information (paperback)
020 ## - INTERNATIONAL STANDARD BOOK NUMBER
International Standard Book Number 9781259642371
Qualifying information (paperback)
035 ## - SYSTEM CONTROL NUMBER
System control number (OCoLC)927378389
040 ## - CATALOGING SOURCE
Original cataloging agency YDXCP
Language of cataloging eng
Description conventions rda
Transcribing agency YDXCP
Modifying agency BTCTA
-- OCLCQ
-- BDX
-- ORX
-- VP@
-- NYP
049 ## - LOCAL HOLDINGS (OCLC)
Holding library NYPP
082 04 - DEWEY DECIMAL CLASSIFICATION NUMBER
Classification number 448.242 HEM
Edition number 23
091 ## - MICROFILM SHELF LOCATION (AM) [OBSOLETE]
Microfilm shelf location 448.2421
100 1# - MAIN ENTRY--PERSONAL NAME
Personal name Heminway, Annie,
Relator term author.
245 10 - TITLE STATEMENT
Title Complete French grammar :
Remainder of title total language study program /
Statement of responsibility, etc. Annie Heminway.
246 30 - VARYING FORM OF TITLE
Title proper/short title Practice makes perfect Complete French grammar.
250 ## - EDITION STATEMENT
Edition statement Premium third edition.
264 #1 - PRODUCTION, PUBLICATION, DISTRIBUTION, MANUFACTURE, AND COPYRIGHT NOTICE
Place of production, publication, distribution, manufacture New York :
Name of producer, publisher, distributor, manufacturer McGraw-Hill Education,
Date of production, publication, distribution, manufacture, or copyright notice [2016]
300 ## - PHYSICAL DESCRIPTION
Extent ix, 304 pages ;
Dimensions 28 cm.
336 ## - CONTENT TYPE
Content type term text
Content type code txt
Source rdacontent.
337 ## - MEDIA TYPE
Media type term unmediated
Media type code n
Source rdamedia.
338 ## - CARRIER TYPE
Carrier type term volume
Carrier type code nc
Source rdacarrier.
490 1# - SERIES STATEMENT
Series statement Practice makes perfect.
650 #0 - SUBJECT ADDED ENTRY--TOPICAL TERM
Topical term or geographic name entry element French language
Form subdivision Textbooks for foreign speakers
General subdivision English.
650 #0 - SUBJECT ADDED ENTRY--TOPICAL TERM
Topical term or geographic name entry element French language
General subdivision Grammar
Form subdivision Problems, exercises, etc.
830 #0 - SERIES ADDED ENTRY--UNIFORM TITLE
Uniform title Practice makes perfect (McGraw-Hill Companies)
901 ## - LOCAL DATA ELEMENT A, LDA (RLIN)
a MARS
901 ## - LOCAL DATA ELEMENT A, LDA (RLIN)
a wch
b CATBL
942 ## - ADDED ENTRY ELEMENTS (KOHA)
Source of classification or shelving scheme
Koha item type Books - Non Ficton
945 ## - LOCAL PROCESSING INFORMATION (OCLC)
a .b210025943
946 ## - LOCAL PROCESSING INFORMATION (OCLC)
a m
Holdings
Withdrawn status Lost status Source of classification or shelving scheme Damaged status Not for loan Collection code Permanent Location Current Location Shelving location Date acquired Full call number Barcode Date last seen Copy number Price effective from Koha item type
          Non-Fiction KH8 Senior School Library KH8 Senior School Library Non Fiction 2019-08-05 448.242 HEM 3KHSL000100254 2019-08-05 1 2019-08-05 Books - Non Ficton
          Non-Fiction KH8 Senior School Library KH8 Senior School Library Non Fiction 2019-08-05 448.242 HEM 3KHSL000101018 2019-08-05 2 2019-08-05 Books - Non Ficton
          Teaching Resources KH8 Senior School Library KH8 Senior School Library Staff Office 2023-10-19 448.242 HEM TRKHSL004075 2023-10-19   2023-10-19 Teaching Resources
          Teaching Resources KH8 Senior School Library KH8 Senior School Library Staff Office 2023-10-19 448.242 HEM TRKHSL004076 2023-10-19   2023-10-19 Teaching Resources

Powered By KH8 IT Dept